Teen Wolf Characters - Statistics

General Stats
  • This quiz has been taken 337 times
  • The average score is 10 of 18
Answer Stats
Hint Answer % Correct
Banshee Lydia Martin
96%
Human Stiles Stilinski
87%
Nurse Melissa McCall
84%
Hunter Allison Argent
83%
Hunter Chris Argent
82%
Veterinarian Alan Deaton
81%
Hunter Kate Argent
77%
Sheriff Noah Stilinski
73%
Werewolf Scott McCall
72%
Werewolf Derek Hale
66%
Werewolf Peter Hale
60%
Kanima Jackson Whittemore
52%
Hunter Victoria Argent
46%
Teacher Adrian Harris
28%
Teacher Natalie Martin
14%
Teacher Robert Finstock
7%
Human Danny Mahealani
4%
Doctor Conrad Fenris
3%
No matching quizzes found
Score Distribution
Percent of People with Each Score
Percentile by Number Answered
Your Score History
You have not taken this quiz